000 00454nam a2200169Ia 4500
008 230524s9999 xx 000 0 und d
020 _a8178530856
082 _a5
_bKER
100 _aSteve Mc Connell
245 0 _aCode Complete (Microsoft-2) :A Practical Handbook of Software Construction
250 _a2ND
260 _aNEW DELHI
_bMicrisoft Press
_c2007
300 _aVII;263
500 _aQuantity Number: 4
650 _aComp-Sc
942 _cBK
999 _c40915
_d40915